| 000 | 00889nam a2200229 a 4500 | ||
|---|---|---|---|
| 001 | 38786 | ||
| 003 | BD-RjUL | ||
| 005 | 20211209052848.0 | ||
| 008 | 160228s1978 ii ||||| |||| 00| 0 ben d | ||
| 035 | _a(BD-RjUL)38895 | ||
| 040 |
_aBD-RjUL _beng _cBD-RjUL |
||
| 041 | _aben | ||
| 082 |
_223 _a891.4409 _bKHB 1978 |
||
| 100 |
_aখান, আজহারউদ্দীন _9119647 |
||
| 245 |
_aবাংলা সাহিত্যে মোহিতলাল / _cআজহারউদ্দীন খান |
||
| 250 | _a২য় সং. | ||
| 260 |
_aকলিকাতা : _bজিজ্ঞাসা, _c১৯৭৮ |
||
| 300 |
_aviii, ২৮৩ পৃ. ; _c২২ সেমি. |
||
| 650 |
_aবাংলা সাহিত্য _xইতিহাস ও সমালোচনা _9118060 |
||
| 650 |
_aBengali literature _xHistory and criticism. _9117020 |
||
| 942 |
_2ddc _cBK _01 |
||
| 999 |
_c38786 _d38786 |
||